| Tag |
First Indicator |
Second Indicator |
Subfields |
| LEADER |
00000cam a2200000Ii 4500 |
| 001 |
in00004172002 |
| 008 |
181231t20192019si b 001 0 eng d |
| 005 |
20250318222317.0 |
| 020 |
|
|
|a 9789811362903
|
| 020 |
|
|
|a 9811362904
|q hardcover
|
| 020 |
|
|
|z 9789811362910
|q electronic book
|
| 035 |
|
|
|a (OCoLC)1080429768
|
| 035 |
|
|
|a (OCoLC)on1080429768
|
| 040 |
|
|
|a YDX
|b eng
|e rda
|c YDX
|d BDX
|d UKMGB
|d OCLCO
|d OCLCF
|d YDXIT
|d NUI
|d OCL
|d IUL
|
| 043 |
|
|
|a a-kr---
|
| 050 |
|
4 |
|a PN4784.F6
|b M66 2019
|
| 082 |
0 |
4 |
|a 070.4332
|2 23
|
| 082 |
0 |
4 |
|a 070.449951905
|2 23
|
| 100 |
1 |
|
|a Moon, Miri,
|e author.
|
| 245 |
1 |
0 |
|a International news coverage and the Korean Conflict :
|b the challenges of reporting practices /
|c Miri Moon.
|
| 264 |
|
1 |
|a Singapore :
|b Palgrave Macmillan,
|c [2019]
|
| 264 |
|
4 |
|c ©2019
|
| 300 |
|
|
|a xxiii, 198 pages ;
|c 22 cm
|
| 336 |
|
|
|a text
|b txt
|2 rdacontent
|
| 337 |
|
|
|a unmediated
|b n
|2 rdamedia
|
| 338 |
|
|
|a volume
|b nc
|2 rdacarrier
|
| 504 |
|
|
|a Includes bibliographical references and index.
|
| 520 |
|
|
|a "This book explores journalism practices and the dynamics of international news media in Korea, and examines the ways in which Korean journalists and foreign correspondents cover news stories about the Korean conflict. It notably explores news gathering practices concerning the Korean conflict, and investigates factors that influence journalists' news production through interview with foreign correspondents including bureau chiefs from news outlets as diverse as AP, Reuters, The New York Times, the BBC, Le Figaro, and the Mainichi Shimbun. Extending its coverage to provide a rationale for the proliferation of new media both from encoders and decoders' perspectives, and drawing on lively empirical data to examine the processes of news production, the book addresses how international media impacts on the stability and security in the region under the influence of the competing superpowers - the United States and China"--Back cover.
|
| 611 |
2 |
7 |
|a Korean War (1950-1953)
|2 fast
|0 (OCoLC)fst00988609
|
| 648 |
|
7 |
|a Since 1945
|2 fast
|
| 650 |
|
0 |
|a Cold War
|x Press coverage.
|
| 650 |
|
0 |
|a Foreign news.
|
| 650 |
|
0 |
|a Journalism
|x Political aspects.
|
| 650 |
|
0 |
|a Korean War, 1950-1953
|x Influence.
|
| 650 |
|
0 |
|a Korean War, 1950-1953
|x Press coverage.
|
| 650 |
|
0 |
|a Press law, International.
|
| 650 |
|
0 |
|a World politics
|y 1945-1989
|x Press coverage.
|
| 650 |
|
7 |
|a Foreign news.
|2 fast
|0 (OCoLC)fst00931863
|
| 650 |
|
7 |
|a Influence (Literary, artistic, etc.)
|2 fast
|0 (OCoLC)fst00972484
|
| 650 |
|
7 |
|a Journalism
|x Political aspects.
|2 fast
|0 (OCoLC)fst00984078
|
| 650 |
|
7 |
|a Press coverage.
|2 fast
|0 (OCoLC)fst01198921
|
| 650 |
|
7 |
|a Press law, International.
|2 fast
|0 (OCoLC)fst01075888
|
| 651 |
|
0 |
|a Korea
|x History
|y 1945-
|
| 651 |
|
0 |
|a Korea
|x Press coverage.
|
| 651 |
|
7 |
|a Korea.
|2 fast
|0 (OCoLC)fst01206434
|
| 655 |
|
7 |
|a History.
|2 fast
|0 (OCoLC)fst01411628
|
| 776 |
0 |
8 |
|i ebook version :
|z 9789811362910
|
| 852 |
8 |
|
|b pda,print
|z This title is available for the library to purchase for your use. Click the "Purchase It For Me" button to place a request. This item may take 5-10 business days to arrive.
|
| 955 |
|
|
|a Print PDA title
|
| 999 |
f |
f |
|s a59289c1-4271-4ea5-b336-6060165ccabb
|i cdb90feb-3bd9-3663-8c7f-be30b420564c
|t 0
|
| 952 |
f |
f |
|a Texas A&M University
|b College Station
|c Sterling C. Evans Library
|d Purchase on Demand
|t 0
|e PN4784.F6 M66 2019
|h Library of Congress classification
|
| 998 |
f |
f |
|a PN4784.F6 M66 2019
|t 0
|l Purchase on Demand
|